Les vainqueurs de Danse Avec Les Stars - Statistiques

Statistiques générales
  • Ce quiz a été pris 492 fois
  • Le résultat moyen est 8 sur 11
Statistiques - réponses
Saisons Danseurs/ses Gagnants % Correct
Saison 1 Katrina Patchett M. Pokora
89%
Saison 2 Maxime Dereymez Shy'm
89%
Saison 4 Grégoire Lyonnet Alizée
86%
Saison 6 Denista Ikonomova Loïc Nottet
84%
Saison 11 Fauve Hautot Tayc
83%
Saison 5 Denista Ikonomova Rayane Bensetti
79%
Saison 3 Fauve Hautot Emmanuel Moire
71%
Saison 7 Denista Ikonomova Laurent Maistret
71%
Saison 9 Denista Ikonomova Clément Rémiens
68%
Saison 8 Candice Pascal Agustín Galiana
57%
Saison 10 Fauve Hautot Sami El Guedarri
31%
Aucun quiz correspondant
Distribution des résultats
% des personnes avec chaque résultat
Percentile par nombre de réponses
Votre historique - résultats
Vous n’avez pas pris ce quiz